| 000 | 005300000a22001810004500 | ||
|---|---|---|---|
| 003 | MACL | ||
| 005 | 20160525160942.0 | ||
| 008 | 160525b xxu||||| |||| 00| 0 eng d | ||
| 040 |
_aMACL _cMACL |
||
| 041 | _aHindi | ||
| 082 | _a891.433 | ||
| 100 |
_aबसु, समरेश _944774 |
||
| 245 |
_aसंकट _cसमरेश बसु |
||
| 260 |
_bपुष्पांजलि प्रकाशन _c1999 _aदिल्ली |
||
| 350 | _a120 | ||
| 650 |
_aFiction _959531 |
||
| 942 |
_cHIN _k891.433/BAS/N _2ddc |
||
| 999 |
_c19051 _d19051 |
||